30 tahun perancangan Bahasa Malaysia

Bibliographic Details
Main Author: Abdullah Hassan , 1942- (Author)
Format: Book
Subjects:

MARC

LEADER 00000cam a2200000 7i4500
001 0000008353
005 20070228093000.0
008 021119n
090 0 0 |a PL5106   |b .A237 
100 0 |a Abdullah Hassan ,   |d 1942- ,   |e author 
245 0 0 |a 30 tahun perancangan Bahasa Malaysia   |c Abdullah Hassan 
300 |a 142 p. ; ;   |c 21 cm. 
504 |a Includes bibliographical references (p. 139) 
650 0 |a Malay language 
999 |a 1000044447   |b Book   |c OPEN SHELF (30 DAYS)   |e Gong Badak Campus